00310nam a2200121Ia 4500008004100000082001600041100002000057245003800077250000900115260004000124300000800164650001600172191201s2009 xx 000 0 und d a005.12bUPD aUPADHYAY, Nitin 0aDesign and Analysis of Algorithms aRep. aN.DelhibS K Kataria and Sonsc2009 a476 aB.Tech(CSE)